Flagi państw graniczących z Hiszpanią - Statystyki

Ogólne statystyki
  • Ten quiz został rozwiązany 89 razy
  • Średni wynik to 5 z 5
Statystyki odpowiedzi
Obrazkowy Odpowiedź % Poprawnych
Francja
100%
Portugalia
100%
Wielka Brytania
98%
Andora
93%
Maroko
90%
Nie znaleziono quizów pasujących do podanych kryteriów
Rozkład punktacji
Procent ludzi z każdym wynikiem
Percentyl według liczby udzielonych odpowiedzi
Twoja historia wyników
Nie rozwiązałeś tego quizu